| 000 | 00560nam a2200193Ia 4500 | ||
|---|---|---|---|
| 005 | 20250326143548.0 | ||
| 008 | 250326s9999 xx 000 0 und d | ||
| 020 | _a81-7629-340-7 | ||
| 037 | _aTextbook | ||
| 040 |
_aFMSL _beng _cFMSL |
||
| 041 |
_aeng _2eng |
||
| 084 |
_aSigma:8 P4 _qFMSL |
||
| 100 | _aArya P P | ||
| 245 | 0 |
_aResearch methodology in management : theory and case studies _cArya P P; Pal Y |
|
| 260 |
_aNew Delhi _bNew Delhi, Deep & Deep _c2004 |
||
| 300 | _a650p | ||
| 942 |
_cTB _hSigma:8 P4 |
||
| 999 |
_c1300092 _d1300092 |
||